| 000 | 00971nam a2200241 i 4500 | ||
|---|---|---|---|
| 001 | bg | ||
| 111 | 2 |
_aISAT School/IFIP TC 8/WG 8.5 Workshop _d(1993). |
|
| 245 | 0 | 0 |
_aInformation Systems Architecture and Technology-ISAT ; Information Systems Analysis and Design-IFIP : _bproceedings of the ISAT School/IFIP TC 8/WG 8.5 Workshop 1993 / _ced. by Mieczysław Bazewicz ; Technical University of Wrocław. |
| 260 |
_aWrocław : _bWydaw. Politechniki Wrocławskiej, _c1993. |
||
| 300 |
_a196 s. : _bfot., rys., wykr. ; _c24 cm. |
||
| 490 | 1 | _aBiblioteka Informatyki Szkół Wyższych | |
| 504 | _aBibliogr. przy ref. | ||
| 650 | 9 | _aInteligencja sztuczna | |
| 650 | 9 | _aSystemy informatyczne | |
| 655 | _aMateriały konferencyjne | ||
| 700 | 1 |
_aBazewicz, Mieczysław. _eRed. |
|
| 830 | _aBiblioteka Informatyki Szkół Wyższych | ||
| 040 | _cBPK | ||
| 041 | 0 | _aen | |
| 080 | _a681.324/.325:002.5](061.3) | ||
| 942 | _cKS | ||
| 008 | s pl f |000 0 pol | ||
| 999 |
_c30307 _d30307 |
||
| 856 |
_uhttp://koha.tu.koszalin.pl/cgi-bin/koha/opac-detail.pl?biblionumber=30307 _yKatalog online BPK |
||